Magic the Gathering: Kaladesh Block Characters - Statistics

General Stats
  • This quiz has been taken 6 times
  • The average score is 17 of 20
Answer Stats
Picture Hint Answer % Correct
Aether Revolt Ajani Unyielding
100%
Aether Revolt Baral, Chief of Compliance
100%
Kaladesh Chandra, Torch of Defiance
100%
Kaladesh Dovin Baan
100%
Kaladesh Gonti, Lord of Luxury
100%
Aether Revolt Hope of Ghirapur
100%
Kaladesh Kambal, Consul of Allocation
100%
Kaladesh Nissa, Vital Force
100%
Kaladesh Pia Nalaar
100%
Aether Revolt Ragavan
100%
Kaladesh Saheeli Rai
100%
Aether Revolt Sram, Senior Edificer
100%
Aether Revolt Tezzeret the Schemer
100%
Aether Revolt Yahenni, Undying Partisan
100%
Kaladesh Padeem, Consul of Innovation
67%
Kaladesh Rashmi, Eternities Crafter
67%
Aether Revolt Rishkar, Peema Renegade
67%
Aether Revolt Kari Zev, Skyship Raider
50%
Kaladesh Oviya Pashiri, Sage Lifecrafter
50%
Kaladesh Depala, Pilot Exemplar
17%
No matching quizzes found
Score Distribution
Percent of People with Each Score
Percentile by Number Answered
Your Score History
You have not taken this quiz